Reine Arzneimittellehre. Nebst einer Abhandlung: Beleuchtung der Quellen der gewöhnlichen Materia medica Dritter Theil

Bibliographic Details
Main Author: Hahnemann, Samuel (Author)
Format: Book
Language:German
PhysicalDescription:LV strán, 1 nečíslovaná strana, 288 strán 8°
Subjects:

MARC

LEADER 00000nam a2200000 4500
001 vtls012264658
003 SK-MaSNL
005 20260302063159.0
008 241003s1817 gw f 000 0 ger
015 |a SNBHFA 
040 |a SNKHF  |b slo  |c SNKHF  |e rda 
041 0 |a ger 
044 |a gw  |c DE 
072 7 |a 61  |x Lekárske vedy. Medicína  |2 konspekt 
080 |a 61  |2 2011 
080 |a 615.8  |2 2011 
100 1 |a Hahnemann, Samuel  |4 aut  |9 512032 
245 1 0 |a Reine Arzneimittellehre. Nebst einer Abhandlung: Beleuchtung der Quellen der gewöhnlichen Materia medica  |n Dritter Theil  |c von Samuel Hahnemann 
264 2 |a Dresden  |b in der Arnoldischen Buchhandlung  |c 1817 
300 |a LV strán, 1 nečíslovaná strana, 288 strán  |c 8° 
336 |a text  |b txt  |2 rdacontent 
337 |a bez média  |b n  |2 rdamedia 
338 |a zväzok  |b nc  |2 rdacarrier 
500 |a Vinety, signety, ozdobné iniciálky 
501 |a Príväzok 2. k: HAHNEMANN, Samuel. Reine Arzneimittellehre. Erster Theil. Dresden: in der Arnoldischen Buchhandlung, 1811. 8°.  |5 SNK IC 146326/1-3 
504 |a Poznámky pod čiarou 
510 4 |a OCLC 917727279 
546 |a Nemčina  |b Fraktura 
650 0 7 |a medicína  |2 SNKPH  |9 899 
650 0 7 |a alternatívna medicína  |2 SNKPH  |9 901 
710 2 |a Arnoldische Buchhandlung (Drážďany, Nemecko)  |4 bsl  |9 512033 
752 |a Nemecko  |d Drážďany 
852 |a snk  |b Zaiova knižnica  |p IC 146326/1-3/prív.2 
958 |a DF 
958 |a ONDV 
999 |c 1131752  |d 1133682 
952 |t Zay 8189; Z 9673  |a SNK  |b SNK  |c SNK_HF  |y PREZ  |7 0  |p 17A1487932  |o snkIC 146326/1-3/prív.2  |i snk2024/15261  |8 5  |0 0  |1 0  |4 0  |d 2024-10-03  |l 0  |r 2026-02-24 19:05:29  |w 2026-02-24